00637pam a2200181 a 450000100030000000300090000300500170001200800410002902000150007004000280008508200190011324501610013226000430029330000450033665000320038165000260041370000160043951BD-DhUAP20201111145951.0201111s1995 nyua b 001 0 eng  a9810218117 aDLCcDLCdBD-DhUAPbEng00a539.72 INT223 aInternational conference on non-accelerator particle Physics :bIndian institute of astrophysics, Bangalore, India, 2-9 January 1994 /cedited by R. Cowsik. aSingapore :bWorld scientific,cc1995. axv, 570 pages :billustrations ;c23 cm. aParticles (Nuclear physics) aNuclear astrophysics. aCowsik, R.